000 00494nam a2200157Ia 4500
008 220204s9999 xx 000 0 und d
082 _aNR:338.45
_bSEM
245 0 _aSeminar on modern trends and growth opportunities in rubber industry. Papers and programme. 31st Aug- Sept 1990
260 _aBombay
_bAIRIA
_c1990
650 _aDipped latex products
650 _aISNR rubber
650 _aRubber footwears
650 _aRubber moulding
650 _aThermoplastic elastomers
942 _cBK
999 _c40302
_d40302